La Crisi d'identitat del Brusi : 1972-1992 : vint anys d'història d'un Diari de Barcelona a la recerca del lector fidel perdut / Víctor Saura, Joan Carles Clarós, Xavier Vilà 1972-1992 :
Descripción Física:
187 p. : il. ; 24 cm
Colección:
Vaixells de paper ; 13
MARC
| LEADER | 00000nam a2200000Ia 4500 | ||
|---|---|---|---|
| 001 | 9936 | ||
| 008 | 160829s9999 xx 000 0 cat d | ||
| 080 | |a O-1-35 | ||
| 100 | |a Saura, Víctor |9 34116 | ||
| 245 | |a La Crisi d'identitat del Brusi : |b 1972-1992 : |b vint anys d'història d'un Diari de Barcelona a la recerca del lector fidel perdut / Víctor Saura, Joan Carles Clarós, Xavier Vilà | ||
| 260 | |a Barcelona : |b Diputació de Barcelona : |b Col·legi de Periodistes de Catalunya, DL 1993 | ||
| 300 | |a 187 p. : |b il. ; |c 24 cm | ||
| 490 | |a Vaixells de paper ; 13 | ||
| 650 | |a Diari de Barcelona |x 1972/1992 |9 34118 | ||
| 650 | |a Premsa |x Barcelona |x Història |9 23786 | ||
| 700 | |a Clarós, Joan Carles |9 34119 | ||
| 700 | |a Vilà, Xavier |9 34120 | ||
| 710 | 2 | |a Col·legi de Periodistes de Catalunya |9 52967 | |
| 901 | |a Arxiu | ||
| 942 | |n 1 | ||
| 952 | |0 0 |1 0 |4 0 |6 O135 |7 1 |9 46391 |a Arxiu |b Arxiu |d 2016-12-01 |l 0 |o O-1-35 |p 9936 |r 2016-12-01 00:00:00 |w 2016-12-01 |y ARXIU | ||
| 999 | |c 50176 |d 50176 | ||